[Event "SK Königsspringer Iserlohn 1 - Südloh"]
[Site "NRW-Klasse - Gruppe 2 2018/20"]
[Date "2019.02.17"]
[Round "6.3"]
[White "Engels, Natia"]
[Black "Schmitz, Philipp"]
[Result "1-0"]
[WhiteElo "2047"]
[BlackElo "2183"]
[PlyCount "95"]
[EventDate "2019.??.??"]
[WhiteTeam "Südlohner SV 1"]
[BlackTeam "SK Königsspringer Iserlohn 1"]

1. d4 Nf6 2. c4 g6 3. Nc3 d5 4. cxd5 Nxd5 5. Bd2 Nb6 6. e3 Bg7 7. Nf3 O-O 8.
Be2 N8d7 9. O-O c5 10. d5 f5 11. e4 Nf6 12. Qb3 Nxe4 13. Nxe4 fxe4 14. d6+ e6
15. Ng5 Qxd6 16. Qh3 h6 17. Nxe4 Qd5 18. Bf3 Qf5 19. Qg3 Nc4 20. Nd6 Nxd6 21.
Qxd6 Be5 22. Qe7 Bf6 23. Qc7 Rf7 24. Qg3 Be5 25. Qh4 g5 26. Qc4 Bd7 27. Be4 Qf6
28. Bc3 Rc8 29. Bxb7 Rb8 30. Ba6 Bxc3 31. bxc3 Bc6 32. Qe2 Bd5 33. Bc4 Qxc3 34.
Bxd5 exd5 35. Qe6 Rd8 36. Qxh6 Qf6 37. Qh3 c4 38. Rac1 Rc7 39. Rfe1 Rf8 40. f3
Rh7 41. Qg4 Qf5 42. Qd4 Rd7 43. Rc3 Rff7 44. Rce3 Qf6 45. Re8+ Kg7 46. R1e5 Qb6
47. Rxg5+ Kh6 48. Re6+ 1-0

[Event "SK Königsspringer Iserlohn 1 - Südloh"]
[Site "NRW-Klasse - Gruppe 2 2018/20"]
[Date "2019.02.17"]
[Round "6.4"]
[White "Runtemund, Rene"]
[Black "Doennebrink, Elmar"]
[Result "0-1"]
[WhiteElo "2035"]
[BlackElo "2063"]
[PlyCount "60"]
[EventDate "2019.??.??"]
[WhiteTeam "SK Königsspringer Iserlohn 1"]
[BlackTeam "Südlohner SV 1"]

1. e4 c5 2. Nc3 Nc6 3. f4 g6 4. Nf3 Bg7 5. Bb5 Nd4 6. a4 e6 7. O-O Ne7 8. e5 a6
9. Bc4 d5 10. exd6 Qxd6 11. Ne4 Nxf3+ 12. Qxf3 Qd4+ 13. Kh1 f5 14. Bd3 fxe4 15.
Bxe4 Rb8 16. c3 Qd6 17. d3 O-O 18. Be3 Nd5 19. Bd2 Bh6 20. g3 Bd7 21. Rf2 Nf6
22. h4 Nxe4 23. dxe4 Bc6 24. Re1 Rbe8 25. h5 e5 26. hxg6 Qxg6 27. Qd3 exf4 28.
Qc4+ Qe6 29. Qxc5 fxg3 30. Rxf8+ Rxf8 0-1

[Event "SK Königsspringer Iserlohn 1 - Südloh"]
[Site "NRW-Klasse - Gruppe 2 2018/20"]
[Date "2019.02.17"]
[Round "6.5"]
[White "Darwisch, Khaled"]
[Black "Klauke, Stefan"]
[Result "0-1"]
[WhiteElo "2130"]
[BlackElo "2119"]
[PlyCount "126"]
[EventDate "2019.??.??"]
[WhiteTeam "Südlohner SV 1"]
[BlackTeam "SK Königsspringer Iserlohn 1"]

1. e4 e5 2. d3 Nc6 3. g3 Bc5 4. Bg2 Nf6 5. h3 d5 6. Nd2 dxe4 7. dxe4 Be6 8.
Ngf3 h6 9. O-O Qd7 10. Kh2 g5 11. Ne1 O-O-O 12. Nd3 Bb6 13. Nb3 g4 14. h4 Bc4
15. f4 gxf3 16. Qxf3 Ng4+ 17. Qxg4 Qxg4 18. Bh3 Qxh3+ 19. Kxh3 Bxd3 20. cxd3
Rxd3 21. Bd2 Rg8 22. Be1 Rg7 23. Kg2 Re3 24. Nd2 Nd4 25. Rd1 Ne2 26. Rf3 Nf4+
27. Kf1 Nh5 28. Rxe3 Bxe3 29. Kg2 Bd4 30. b3 Nf4+ 31. Kf3 Nd3 32. Nf1 Nxe1+ 33.
Rxe1 Rg6 34. Ne3 Bxe3 35. Rxe3 Kd7 36. Rd3+ Rd6 37. Re3 Rd2 38. Kg4 Rxa2 39.
Kh5 Ra6 40. Rd3+ Ke7 41. Rd5 Re6 42. g4 b6 43. g5 hxg5 44. Kxg5 c6 45. Rd3 Rg6+
46. Kf5 Rh6 47. Kg5 Rh8 48. Rf3 f6+ 49. Kg4 Ke6 50. b4 Rg8+ 51. Kh5 c5 52. bxc5
bxc5 53. Ra3 c4 54. Ra6+ Kd7 55. Rxa7+ Kd6 56. Ra6+ Kc5 57. Rxf6 c3 58. Rf7 Kd4
59. Rc7 Kd3 60. Kh6 c2 61. Rd7+ Kxe4 62. Rc7 Rg2 63. h5 Kd3 0-1

[Event "SK Königsspringer Iserlohn 1 - Südloh"]
[Site "NRW-Klasse - Gruppe 2 2018/20"]
[Date "2019.02.17"]
[Round "6.6"]
[White "Kind, Bertram"]
[Black "Teloeken, Andreas"]
[Result "0-1"]
[WhiteElo "2109"]
[BlackElo "2013"]
[PlyCount "104"]
[EventDate "2019.??.??"]
[WhiteTeam "SK Königsspringer Iserlohn 1"]
[BlackTeam "Südlohner SV 1"]

1. e4 c6 2. d4 d5 3. exd5 cxd5 4. Bd3 Nc6 5. c3 Qc7 6. Ne2 Bg4 7. O-O e6 8. f3
Bh5 9. Bf4 Bd6 10. Bxd6 Qxd6 11. Na3 a6 12. f4 Nf6 13. Nc2 O-O 14. Ne3 b5 15.
a3 Na5 16. b4 Nc4 17. Qc1 Bg6 18. Nxc4 dxc4 19. Bxg6 hxg6 20. Qe3 Rfd8 21. Qf3
Qd5 22. Qe3 a5 23. Ng3 Rd7 24. Qe5 Rda7 25. Rae1 axb4 26. axb4 Ra2 27. Qxd5
Nxd5 28. Ne4 Rc2 29. Ra1 Rxa1 30. Rxa1 f5 31. Ng5 Kf8 32. Nxe6+ Ke7 33. Re1
Nxc3 34. Ng5+ Kd7 35. Nf3 Ne2+ 36. Kf1 Nxf4 37. g3 Nd3 38. Ne5+ Kd6 39. Nxd3
cxd3 40. Rd1 Rxh2 41. Rxd3 Rb2 42. Ra3 Kd5 43. Ra7 Rxb4 44. Rxg7 Rxd4 45. Rxg6
Kc4 46. Rc6+ Kb4 47. Ke2 Rd5 48. Rg6 Kc3 49. Rg5 b4 50. g4 b3 51. gxf5 b2 52.
Rg1 Rxf5 0-1

[Event "SK Königsspringer Iserlohn 1 - Südloh"]
[Site "NRW-Klasse - Gruppe 2 2018/20"]
[Date "2019.02.17"]
[Round "6.7"]
[White "Hater, Wolfgang"]
[Black "Franke, Thomas"]
[Result "0-1"]
[WhiteElo "2016"]
[BlackElo "2087"]
[PlyCount "78"]
[EventDate "2019.??.??"]
[WhiteTeam "Südlohner SV 1"]
[BlackTeam "SK Königsspringer Iserlohn 1"]

1. e4 e6 2. d3 d5 3. Nd2 Nf6 4. Ngf3 Be7 5. c3 c5 6. Be2 Nc6 7. O-O O-O 8. Re1
b5 9. e5 Nd7 10. d4 b4 11. cxb4 Nxd4 12. bxc5 Nxe2+ 13. Qxe2 Nxc5 14. b4 Na4
15. a3 Qb6 16. Nb3 Ba6 17. Qd2 Rfc8 18. Bb2 Nxb2 19. Qxb2 Bd3 20. Rac1 Be4 21.
Nfd2 Bg6 22. g3 f6 23. Nf3 Bh5 24. Nbd4 Rc4 25. Rxc4 dxc4 26. Qc3 Rc8 27. exf6
Bxf6 28. Ne5 Rd8 29. Ndf3 Qc7 30. Qe3 c3 31. g4 Bxe5 32. Nxe5 Be8 33. Nd3 Qc4
34. Ne5 Qc7 35. Nd3 c2 36. Nc1 e5 37. h3 Rd1 38. Kh2 Qf7 39. Qg3 Rxe1 0-1

[Event "SK Königsspringer Iserlohn 1 - Südloh"]
[Site "NRW-Klasse - Gruppe 2 2018/20"]
[Date "2019.02.17"]
[Round "6.8"]
[White "Franz, Christian"]
[Black "Funke, Reinhard"]
[Result "1-0"]
[WhiteElo "2046"]
[BlackElo "2059"]
[PlyCount "63"]
[EventDate "2019.??.??"]
[WhiteTeam "SK Königsspringer Iserlohn 1"]
[BlackTeam "Südlohner SV 1"]

1. c4 e5 2. Nc3 Nf6 3. g3 g6 4. Bg2 Bg7 5. d3 O-O 6. Nf3 Nc6 7. O-O d6 8. Rb1
h6 9. b4 a6 10. a4 Rb8 11. Bd2 Ne7 12. c5 dxc5 13. Nxe5 cxb4 14. Rxb4 Nfd5 15.
Nxd5 Nxd5 16. Nc6 Qd6 17. Bxd5 Bh3 18. Bf4 Qd7 19. Nxb8 Qxd5 20. e4 Qe6 21.
Rxb7 Bxf1 22. Kxf1 Bd4 23. Qc1 g5 24. Be3 Bxe3 25. Qxe3 Rd8 26. Kg2 a5 27. d4
Qe8 28. Na6 Qxa4 29. d5 Re8 30. Nc5 Qa1 31. Rxc7 a4 32. d6 1-0

[Event "Gütersloher SV 1 - Düsseldorfer SK 2"]
[Site "NRW-Klasse - Gruppe 2 2018/20"]
[Date "2019.02.17"]
[Round "6.1"]
[White "Harff, Marcel"]
[Black "Plaßmann, Dominik"]
[Result "1-0"]
[WhiteElo "2389"]
[BlackElo "2153"]
[PlyCount "117"]
[EventDate "2019.??.??"]
[WhiteTeam "Düsseldorfer SK 2"]
[BlackTeam "Gütersloher SV 1"]

1. c4 c5 2. Nf3 Nc6 3. Nc3 g6 4. e3 Bg7 5. d4 cxd4 6. exd4 d6 7. h3 Nf6 8. d5
Nb8 9. Be3 O-O 10. Qd2 Nbd7 11. Bd3 Nc5 12. Bc2 Bd7 13. O-O Qc8 14. Rfe1 Re8
15. Rac1 Bf5 16. b4 Nce4 17. Nxe4 Bxe4 18. Bxe4 Nxe4 19. Qd3 Nf6 20. Bd4 Qd7
21. Re2 a6 22. Bb6 Rac8 23. Rd1 Qa4 24. Qb3 Qxb3 25. axb3 Nd7 26. Bd4 Bxd4 27.
Nxd4 Kf8 28. b5 axb5 29. Nxb5 Nc5 30. Re3 Red8 31. Rde1 Rd7 32. g4 h6 33. h4
Ra8 34. h5 gxh5 35. gxh5 Ra2 36. Nd4 Rb2 37. Kg2 e5 38. Nf5 Rxb3 39. Nxh6 Kg7
40. Nf5+ Kf6 41. Ng3 Nd3 42. Rh1 Nf4+ 43. Kf3 Rb4 44. h6 Ng6 45. Ne4+ Ke7 46.
h7 Rd8 47. c5 dxc5 48. d6+ Ke6 49. Nxc5+ Kd5 50. Rc1 Rxd6 51. Ne4 Rd8 52. Rc7
f5 53. Rd3+ Rd4 54. Rxd4+ Kxd4 55. Ng5 e4+ 56. Kg3 Ra8 57. Rg7 Ra3+ 58. Kh2 Nh8
59. Rg8 1-0

[Event "Gütersloher SV 1 - Düsseldorfer SK 2"]
[Site "NRW-Klasse - Gruppe 2 2018/20"]
[Date "2019.02.17"]
[Round "6.2"]
[White "Ebert, Manuel"]
[Black "Kohlweyer, Bernd"]
[Result "1/2-1/2"]
[WhiteElo "2141"]
[BlackElo "2296"]
[PlyCount "117"]
[EventDate "2019.??.??"]
[WhiteTeam "Gütersloher SV 1"]
[BlackTeam "Düsseldorfer SK 2"]

1. c4 g6 2. Nc3 c5 3. Nf3 Bg7 4. e4 Nc6 5. d3 d6 6. Be2 e6 7. Be3 Nd4 8. O-O
Ne7 9. Qd2 O-O 10. Nb5 Nxf3+ 11. Bxf3 Nc6 12. g3 a6 13. Nc3 Rb8 14. Bg2 b5 15.
f4 Nd4 16. cxb5 axb5 17. Ne2 e5 18. Bxd4 exd4 19. Kh1 f5 20. Rac1 fxe4 21. dxe4
Be6 22. b3 Qd7 23. Rfe1 Rbc8 24. b4 Bc4 25. e5 dxe5 26. bxc5 Rxc5 27. a4 bxa4
28. fxe5 Bxe5 29. Nc3 Bg7 30. Ne4 Rcc8 31. Rxc4 Rxc4 32. Qa2 Qe6 33. Nf6+ Qxf6
34. Qxc4+ Kh8 35. Qxa4 d3 36. Rf1 Qe5 37. Rxf8+ Bxf8 38. Qd1 d2 39. Bf3 Qd4 40.
Qe2 Bc5 41. Kg2 Kg7 42. Kh3 h5 43. Kg2 Kh6 44. Kh3 Bd6 45. Kg2 Be5 46. Kh3 Bf6
47. Kg2 h4 48. gxh4 Bxh4 49. Kh1 Bd8 50. Qf1 Bc7 51. Bd1 Kg7 52. Qe2 Qf4 53.
Qg2 Qd6 54. Qe2 Bb6 55. Qf3 Bc5 56. Qc3+ Kh7 57. Qh3+ Kg7 58. Qc3+ Kh7 59. Qh3+
1/2-1/2

[Event "Gütersloher SV 1 - Düsseldorfer SK 2"]
[Site "NRW-Klasse - Gruppe 2 2018/20"]
[Date "2019.02.17"]
[Round "6.3"]
[White "Hoenig, Alexander"]
[Black "Kretschmann, Michael"]
[Result "1/2-1/2"]
[WhiteElo "2155"]
[BlackElo "2075"]
[PlyCount "86"]
[EventDate "2019.??.??"]
[WhiteTeam "Düsseldorfer SK 2"]
[BlackTeam "Gütersloher SV 1"]

1. d4 g6 2. e4 Bg7 3. c4 d6 4. Nc3 Nf6 5. f3 O-O 6. Be3 e5 7. Nge2 exd4 8. Nxd4
Nc6 9. Be2 Bd7 10. Qd2 a6 11. O-O Rb8 12. Rac1 Re8 13. b3 b5 14. Nd5 Nxd4 15.
Bxd4 c5 16. Bxf6 Bxf6 17. Nxf6+ Qxf6 18. Rfd1 Rb6 19. Qa5 Reb8 20. Qe1 Be6 21.
Qd2 Qe5 22. Rc3 Kg7 23. Qe3 f5 24. exf5 Qxf5 25. g4 Qf7 26. cxb5 axb5 27. Rxd6
Rxd6 28. Qe5+ Qf6 29. Qxd6 Qxc3 30. Qxb8 Qe1+ 31. Bf1 c4 32. Qxb5 c3 33. Qd3
Qc1 34. Qd4+ Kh6 35. Kf2 c2 36. Be2 Qg5 37. Qd6 Bxg4 38. Qf8+ Kh5 39. fxg4+ Kh4
40. Kg2 Qd5+ 41. Kf2 Qd4+ 42. Kg2 Qd5+ 43. Kf2 Qd4+ 1/2-1/2

[Event "Gütersloher SV 1 - Düsseldorfer SK 2"]
[Site "NRW-Klasse - Gruppe 2 2018/20"]
[Date "2019.02.17"]
[Round "6.4"]
[White "Janyska, Dennis"]
[Black "von Buenau, Heinrich"]
[Result "1/2-1/2"]
[WhiteElo "2044"]
[BlackElo "2167"]
[PlyCount "40"]
[EventDate "2019.??.??"]
[WhiteTeam "Gütersloher SV 1"]
[BlackTeam "Düsseldorfer SK 2"]

1. e4 e6 2. d4 d5 3. Nc3 Nc6 4. Be3 dxe4 5. Nxe4 Nf6 6. Nxf6+ Qxf6 7. Bb5 Bd7
8. Nf3 Bd6 9. c3 h6 10. Qe2 O-O-O 11. O-O-O Rhe8 12. Nd2 Qg6 13. f4 Ne7 14. Bd3
f5 15. c4 Nc6 16. Nf3 Kb8 17. Kb1 Be7 18. Qf2 Bc8 19. Bc2 Bf6 20. Rd3 Nb4
1/2-1/2

[Event "Gütersloher SV 1 - Düsseldorfer SK 2"]
[Site "NRW-Klasse - Gruppe 2 2018/20"]
[Date "2019.02.17"]
[Round "6.5"]
[White "Berndt, Axel"]
[Black "Hanhoerster, Stephan"]
[Result "0-1"]
[WhiteElo "2125"]
[BlackElo "1986"]
[PlyCount "70"]
[EventDate "2019.??.??"]
[WhiteTeam "Düsseldorfer SK 2"]
[BlackTeam "Gütersloher SV 1"]

1. e4 c5 2. c3 d6 3. d4 Nf6 4. Bd3 Nc6 5. Nf3 cxd4 6. cxd4 Bg4 7. d5 Bxf3 8.
Qxf3 Ne5 9. Bb5+ Ned7 10. O-O a6 11. Bxd7+ Nxd7 12. Be3 g6 13. Bd4 Nf6 14. Qb3
Qd7 15. Na3 b5 16. Nc2 Bg7 17. a4 O-O 18. f3 Rfc8 19. axb5 axb5 20. Rxa8 Rxa8
21. Na3 Nxe4 22. Bxg7 Qa7+ 23. Kh1 Nf2+ 24. Rxf2 Qxf2 25. h3 Kxg7 26. Qc3+ f6
27. Qc6 Qe1+ 28. Kh2 Qe5+ 29. Kh1 Ra5 30. Qb6 Ra4 31. Qxb5 Rd4 32. Qf1 Qxd5 33.
Kh2 Rd1 34. Qe2 Kf7 35. Nc4 Qd3 0-1

[Event "Gütersloher SV 1 - Düsseldorfer SK 2"]
[Site "NRW-Klasse - Gruppe 2 2018/20"]
[Date "2019.02.17"]
[Round "6.6"]
[White "Grochtmann, Stephan"]
[Black "Kesseler, Heiko"]
[Result "0-1"]
[WhiteElo "1985"]
[BlackElo "2066"]
[PlyCount "38"]
[EventDate "2019.??.??"]
[WhiteTeam "Gütersloher SV 1"]
[BlackTeam "Düsseldorfer SK 2"]

1. e4 c5 2. Nf3 e6 3. b3 a6 4. Bb2 Nc6 5. c4 Qc7 6. Bd3 Nge7 7. O-O Ng6 8. Re1
Bd6 9. g3 O-O 10. e5 Ncxe5 11. Bxe5 Nxe5 12. Nxe5 Bxe5 13. Bxh7+ Kxh7 14. Qh5+
Kg8 15. Rxe5 f5 16. f4 b6 17. Nc3 Bb7 18. Rae1 Qc6 19. Qh3 Rf6 0-1

[Event "Gütersloher SV 1 - Düsseldorfer SK 2"]
[Site "NRW-Klasse - Gruppe 2 2018/20"]
[Date "2019.02.17"]
[Round "6.7"]
[White "Reinartz, Achim"]
[Black "Asani, Baskim"]
[Result "1/2-1/2"]
[WhiteElo "2000"]
[BlackElo "1901"]
[PlyCount "145"]
[EventDate "2019.??.??"]
[WhiteTeam "Düsseldorfer SK 2"]
[BlackTeam "Gütersloher SV 1"]

1. d4 e6 2. Nf3 f5 3. g3 Nf6 4. Bg2 Be7 5. O-O O-O 6. c4 d6 7. Nc3 Ne4 8. Qc2
Nxc3 9. Qxc3 a5 10. Bd2 Nc6 11. a3 Bf6 12. Rad1 Qe8 13. Bg5 Bxg5 14. Nxg5 Qh5
15. f4 Nd8 16. Bf3 Qe8 17. Bg2 h6 18. Nf3 Nf7 19. Nh4 Kh7 20. Nf3 g5 21. e3 Rg8
22. Nd2 a4 23. e4 gxf4 24. Rxf4 e5 25. Rf2 f4 26. Rdf1 Ng5 27. Re2 Qh5 28. Rff2
Bh3 29. Nf3 fxg3 30. Nxg5+ Rxg5 31. hxg3 Rag8 32. Re3 Qd1+ 33. Re1 Qh5 34. Re3
exd4 35. Qxd4 Rxg3 36. Rxg3 Rxg3 37. Kh2 Rxg2+ 38. Rxg2 Bxg2+ 39. Kxg2 Qg5+ 40.
Kf3 b6 41. c5 Qxc5 42. Qxa4 Qh5+ 43. Ke3 Qc5+ 44. Kf3 Qh5+ 45. Ke3 Qg5+ 46. Kf3
Qf6+ 47. Ke3 Qxb2 48. Qd7+ Qg7 49. Qf5+ Kh8 50. Qc8+ Qg8 51. Qxc7 Qg3+ 52. Ke2
Qg4+ 53. Ke3 Qg5+ 54. Kf3 Qh5+ 55. Kf4 Qh2+ 56. Kf3 Qh5+ 57. Kf4 Qe5+ 58. Kf3
b5 59. Qf7 Qc3+ 60. Kf2 Qb2+ 61. Kf1 Qb1+ 62. Kf2 Qb2+ 63. Kf1 Qc1+ 64. Kf2
Qd2+ 65. Kf1 Qc1+ 66. Kf2 Qc2+ 67. Ke3 Qc5+ 68. Kf3 Qxa3+ 69. Kg4 h5+ 70. Qxh5+
Kg7 71. Qxb5 Qc5 72. Qd7+ Kf6 73. Kf3 1/2-1/2

[Event "Kölner SK Dr. Lasker 1 - SK Sodingen/C"]
[Site "NRW-Klasse - Gruppe 2 2018/20"]
[Date "2019.02.17"]
[Round "6.1"]
[White "Boehnke, Martin"]
[Black "Eichhorn, Andreas"]
[Result "1/2-1/2"]
[WhiteElo "2163"]
[BlackElo "2314"]
[PlyCount "70"]
[EventDate "2019.??.??"]
[WhiteTeam "SK Sodingen/Castrop 1"]
[BlackTeam "Kölner SK Dr. Lasker 1"]

1. d4 e6 2. c4 f5 3. g3 Nf6 4. Bg2 g6 5. Nf3 Bg7 6. O-O O-O 7. b3 d6 8. Bb2 Qe7
9. Nbd2 Nc6 10. Re1 Ne4 11. e3 Nxd2 12. Qxd2 e5 13. Qc3 a5 14. a3 g5 15. d5 Nb8
16. c5 dxc5 17. Nxe5 Nd7 18. f4 Re8 19. d6 cxd6 20. Qc4+ Kf8 21. Nxd7+ Qxd7 22.
Bxg7+ Qxg7 23. Rad1 Ra6 24. fxg5 Qxg5 25. e4 Qg8 26. Qd3 Rb6 27. Re3 Qe6 28.
Rde1 Bd7 29. Bh3 Qf7 30. Qc3 Re5 31. Rf1 Kg8 32. Qxa5 Ra6 33. Qd8+ Qe8 34. Qg5+
Qg6 35. Qd8+ Qe8 1/2-1/2

[Event "Kölner SK Dr. Lasker 1 - SK Sodingen/C"]
[Site "NRW-Klasse - Gruppe 2 2018/20"]
[Date "2019.02.17"]
[Round "6.2"]
[White "Paris, Michael"]
[Black "Hille, Ralph Ingo"]
[Result "1-0"]
[WhiteElo "2129"]
[BlackElo "2066"]
[Annotator "Daniel"]
[PlyCount "71"]
[EventDate "2019.??.??"]
[WhiteTeam "Kölner SK Dr. Lasker 1"]
[BlackTeam "SK Sodingen/Castrop 1"]

1. d4 b6 2. c4 Bb7 3. Nc3 e6 4. a3 f5 5. d5 Nf6 6. g3 b5 7. Nxb5 exd5 8. Bf4
Na6 9. Bg2 c6 10. Nd4 dxc4 $11 11. Nh3 g6 12. O-O Nc5 13. Qc2 d5 14. b3 Be7 15.
bxc4 O-O 16. Rfd1 Rc8 17. Qa2 Qa5 18. Nb3 Qa4 19. Nxc5 Bxc5 20. Ng5 Qxc4 21.
Qxc4 dxc4 22. Ne6 Bb6 23. Nxf8 Kxf8 24. a4 Ba5 25. Rab1 Ba8 26. Rdc1 c3 27.
Bd6+ Kf7 28. Bb4 Bxb4 29. Rxb4 Nd5 30. Rc4 Ke6 31. e4 Nb6 32. R4xc3 Nxa4 33.
Ra3 Nb6 34. Rxa7 Rd8 35. exf5+ gxf5 36. Bxc6 1-0

[Event "Kölner SK Dr. Lasker 1 - SK Sodingen/C"]
[Site "NRW-Klasse - Gruppe 2 2018/20"]
[Date "2019.02.17"]
[Round "6.3"]
[White "Mueller, Frank"]
[Black "Nagel, Bernhard"]
[Result "1-0"]
[WhiteElo "1991"]
[BlackElo "2151"]
[PlyCount "85"]
[EventDate "2019.??.??"]
[WhiteTeam "SK Sodingen/Castrop 1"]
[BlackTeam "Kölner SK Dr. Lasker 1"]

1. e4 c5 2. Nc3 e6 3. Nge2 Nc6 4. g3 a6 5. Bg2 d6 6. O-O Nge7 7. d3 b5 8. f4 g6
9. f5 Bd7 10. Bg5 Qb6 11. fxg6 hxg6 12. Qd2 Rh7 13. e5 d5 14. Qf4 O-O-O 15. Nd1
Bg7 16. Bxe7 Nxe7 17. Qxf7 Nf5 18. Qxg6 Rdh8 19. Rxf5 Be8 20. Qg5 exf5 21. Nf4
c4+ 22. Nf2 Bc6 23. Qxf5+ Kb8 24. Ng6 Rd8 25. Ne7 Rh6 26. Qg5 Bf8 27. Nf5 Rh8
28. Qf6 Rg8 29. d4 c3 30. bxc3 Ba3 31. e6 Rde8 32. e7 Qc7 33. Re1 Kb7 34. Nd3
Kb8 35. Re6 Bb7 36. Nc5 Bxc5 37. dxc5 Qxc5+ 38. Kh1 Qa3 39. h4 Qc1+ 40. Kh2
Qxc2 41. Qe5+ Ka8 42. Nd6 Qd3 43. Nxb7 1-0

[Event "Kölner SK Dr. Lasker 1 - SK Sodingen/C"]
[Site "NRW-Klasse - Gruppe 2 2018/20"]
[Date "2019.02.17"]
[Round "6.4"]
[White "Cramer, Volker"]
[Black "Rohovoy, Dmitrij"]
[Result "1/2-1/2"]
[WhiteElo "2148"]
[BlackElo "1939"]
[Annotator "Daniel"]
[PlyCount "90"]
[EventDate "2019.??.??"]
[WhiteTeam "Kölner SK Dr. Lasker 1"]
[BlackTeam "SK Sodingen/Castrop 1"]

1. d4 Nf6 2. Bg5 d5 3. Bxf6 exf6 4. e3 Bd6 5. g3 c6 6. Bg2 Na6 7. Ne2 O-O 8.
O-O Nc7 9. b3 Ne6 10. c4 dxc4 11. bxc4 Ng5 12. h4 Ne6 13. Nd2 f5 14. d5 cxd5
15. cxd5 Nc5 16. Nc4 b5 17. Nxd6 Qxd6 18. Nd4 Bd7 19. Rc1 Rac8 20. Nc6 a6 21.
Qd4 Ne4 22. Bxe4 fxe4 23. Qxe4 Rfe8 24. Qf4 Qxf4 $11 25. gxf4 Bxc6 26. Rxc6
Rxc6 27. dxc6 Rc8 28. Rc1 Kf8 29. c7 Ke7 30. Rc6 a5 31. Rc5 b4 32. Rxa5 Rxc7
33. Rb5 Ra7 34. Rxb4 Rxa2 35. e4 Ke6 36. Rb6+ Ke7 37. Rb7+ Ke8 38. Kg2 Ra3 39.
e5 g6 40. f3 h5 41. e6 fxe6 42. Rg7 Ra2+ 43. Kh3 Ra3 44. Kg3 Ra1 45. Kf2 Ra2+
1/2-1/2

[Event "Kölner SK Dr. Lasker 1 - SK Sodingen/C"]
[Site "NRW-Klasse - Gruppe 2 2018/20"]
[Date "2019.02.17"]
[Round "6.5"]
[White "Haberhausen, Ansgar"]
[Black "Kloss, Henning"]
[Result "1/2-1/2"]
[WhiteElo "2002"]
[BlackElo "2142"]
[PlyCount "44"]
[EventDate "2019.??.??"]
[WhiteTeam "SK Sodingen/Castrop 1"]
[BlackTeam "Kölner SK Dr. Lasker 1"]

1. d4 Nf6 2. Nf3 g6 3. c4 Bg7 4. Nc3 d5 5. e3 O-O 6. cxd5 Nxd5 7. Qb3 Nxc3 8.
bxc3 c5 9. Be2 Nc6 10. O-O Qc7 11. Ba3 Na5 12. Qb5 b6 13. dxc5 Bd7 14. Qb4 Rfc8
15. cxb6 axb6 16. Rac1 Bf8 17. Qb2 Be6 18. Bb4 Nc4 19. Qc2 Bf5 20. Qb3 Be6 21.
Qc2 Bf5 22. Qb3 Be6 1/2-1/2

[Event "Kölner SK Dr. Lasker 1 - SK Sodingen/C"]
[Site "NRW-Klasse - Gruppe 2 2018/20"]
[Date "2019.02.17"]
[Round "6.6"]
[White "Lindam, Ingo"]
[Black "Schriewer, Thomas"]
[Result "1-0"]
[WhiteElo "2123"]
[BlackElo "1907"]
[PlyCount "43"]
[EventDate "2019.??.??"]
[WhiteTeam "Kölner SK Dr. Lasker 1"]
[BlackTeam "SK Sodingen/Castrop 1"]

1. d4 Nf6 2. Bg5 Ne4 3. h4 h6 4. Bf4 c5 5. f3 Qa5+ 6. c3 Nf6 7. d5 d6 8. e4
Nbd7 9. Na3 a6 10. Nc4 Qc7 11. a4 b6 12. h5 Ne5 13. Bxe5 dxe5 14. Ne2 Bb7 15.
Ng3 Bc8 16. Be2 Rb8 17. O-O g6 18. hxg6 fxg6 19. Qd2 h5 20. Qg5 Bh6 21. Qxg6+
Kd8 22. d6 1-0

[Event "Kölner SK Dr. Lasker 1 - SK Sodingen/C"]
[Site "NRW-Klasse - Gruppe 2 2018/20"]
[Date "2019.02.17"]
[Round "6.7"]
[White "Zobiegala, Christoph"]
[Black "Hoeren, Andreas"]
[Result "1/2-1/2"]
[WhiteElo "1920"]
[BlackElo "2126"]
[PlyCount "48"]
[EventDate "2019.??.??"]
[WhiteTeam "SK Sodingen/Castrop 1"]
[BlackTeam "Kölner SK Dr. Lasker 1"]

1. e4 d6 2. d4 Nf6 3. Nc3 Nbd7 4. Bc4 e5 5. Nge2 Be7 6. O-O O-O 7. f4 c6 8. a4
exd4 9. Nxd4 d5 10. exd5 Nb6 11. Bb3 Nbxd5 12. Nxd5 Nxd5 13. c3 Bc5 14. Kh1 Re8
15. Re1 Bg4 16. Rxe8+ Qxe8 17. Qg1 Qe4 18. Bc2 Bxd4 19. Bxe4 Bxg1 20. Kxg1 Re8
21. Bd3 Be2 22. Bc2 Bd1 23. Bd3 Be2 24. Bc2 Bd1 1/2-1/2

[Event "Kölner SK Dr. Lasker 1 - SK Sodingen/C"]
[Site "NRW-Klasse - Gruppe 2 2018/20"]
[Date "2019.02.17"]
[Round "6.8"]
[White "Loseries, Uwe"]
[Black "Schaefer, Michael"]
[Result "1-0"]
[WhiteElo "2116"]
[BlackElo "1655"]
[PlyCount "39"]
[EventDate "2019.??.??"]
[WhiteTeam "Kölner SK Dr. Lasker 1"]
[BlackTeam "SK Sodingen/Castrop 1"]

1. d4 Nf6 2. c4 e6 3. Nf3 b6 4. e3 Bb7 5. Be2 d5 6. O-O c5 7. cxd5 exd5 8. Nc3
a6 9. dxc5 Bxc5 10. Nd4 O-O 11. Bf3 Ne4 12. Qc2 Nxc3 13. Qxc3 Nd7 14. b4 Bd6
15. Bb2 Rc8 16. Qb3 Rc4 17. a3 Ne5 18. Be2 Qh4 19. f4 Ng4 20. h3 1-0

[Event "SK Sodingen/Castrop 1 - SVG Plettenberg"]
[Site "NRW-Klasse - Gruppe 2 2018/20"]
[Date "2019.03.17"]
[Round "7.1"]
[White "Haub, Thorsten Michael"]
[Black "Tomaszewski, Roman"]
[Result "1-0"]
[WhiteElo "2385"]
[BlackElo "2181"]
[PlyCount "45"]
[EventDate "2019.??.??"]
[WhiteTeam "SVG Plettenberg 1"]
[BlackTeam "SK Sodingen/Castrop 1"]

1. Nf3 Nf6 2. g3 g6 3. Bg2 Bg7 4. O-O O-O 5. d3 d5 6. Nbd2 c5 7. e4 Nc6 8. c3
e5 9. exd5 Nxd5 10. Re1 Re8 11. Nc4 h6 12. a4 Rb8 13. Nfd2 Be6 14. a5 b5 15.
axb6 axb6 16. Ne4 Bf8 17. Ne3 Nxe3 18. Bxe3 Na5 19. Qa4 Nb3 20. Qxe8 Qxe8 21.
Nf6+ Kh8 22. Nxe8 Rxe8 23. Ra8 1-0

[Event "SK Sodingen/Castrop 1 - SVG Plettenberg"]
[Site "NRW-Klasse - Gruppe 2 2018/20"]
[Date "2019.03.17"]
[Round "7.2"]
[White "Waldschmidt, Georg"]
[Black "Bosch, Jeroen"]
[Result "0-1"]
[WhiteElo "2183"]
[BlackElo "2397"]
[PlyCount "108"]
[EventDate "2019.??.??"]
[WhiteTeam "SK Sodingen/Castrop 1"]
[BlackTeam "SVG Plettenberg 1"]

1. e4 e5 2. Nf3 Nc6 3. Bb5 a6 4. Ba4 Nf6 5. O-O Be7 6. Re1 b5 7. Bb3 d6 8. c3
O-O 9. h3 Nd7 10. d4 Bf6 11. Be3 Na5 12. Bc2 Nc4 13. Bc1 c5 14. b3 Ncb6 15. Bb2
a5 16. Nbd2 b4 17. d5 g6 18. a4 Bg7 19. Nf1 Nf6 20. Ng3 Kh8 21. c4 Ng8 22. Rb1
Ra7 23. Nh2 Re7 24. Rf1 Ree8 25. Bd3 Nd7 26. Be2 Qh4 27. Bg4 Nh6 28. Bc1 Nxg4
29. Qxg4 Qe7 30. Bg5 f6 31. Bd2 Qf7 32. Qh4 f5 33. exf5 gxf5 34. Nh5 f4 35. Ng4
Qg6 36. Kh2 Bh6 37. Nxh6 Qxh6 38. g4 Nf6 39. f3 Bf5 40. Rb2 Nxh5 41. Qxh5 Qxh5
42. gxh5 Rg8 43. Be1 Rg5 44. h4 Rxh5 45. Rg1 Rg8 46. Rbg2 Rg6 47. Rd2 Rxg1 48.
Kxg1 Rh6 49. Kf1 Kg7 50. Ke2 Rg6 51. Bf2 h5 52. Kd1 Kf6 53. Be1 Rg1 54. Re2 e4
0-1

[Event "SK Sodingen/Castrop 1 - SVG Plettenberg"]
[Site "NRW-Klasse - Gruppe 2 2018/20"]
[Date "2019.03.17"]
[Round "7.3"]
[White "Browning, Alex"]
[Black "Boehnke, Martin"]
[Result "1-0"]
[WhiteElo "2167"]
[BlackElo "2163"]
[PlyCount "137"]
[EventDate "2019.??.??"]
[WhiteTeam "SVG Plettenberg 1"]
[BlackTeam "SK Sodingen/Castrop 1"]

1. e4 d5 2. exd5 Qxd5 3. Nc3 Qa5 4. d4 c6 5. Bd2 Nf6 6. Bc4 Bf5 7. Qe2 e6 8. d5
cxd5 9. Nxd5 Qd8 10. Nxf6+ Qxf6 11. O-O-O Nc6 12. Bc3 Qg6 13. Nf3 Be7 14. h3
Bf6 15. g4 Be4 16. Bxf6 Bxf3 17. Qxf3 Qxf6 18. Qxf6 gxf6 19. Rd6 Rd8 20. Rxd8+
Kxd8 21. Be2 Ke7 22. Bf3 Rc8 23. Rd1 Rc7 24. Be4 h6 25. b3 Ne5 26. Kb2 Ng6 27.
a4 Nf4 28. h4 Ng6 29. h5 Ne5 30. f3 b6 31. c3 Rc8 32. Rd4 Rc7 33. Rb4 Rc5 34.
Rd4 Rc7 35. Kc2 Rc8 36. Rd1 Rc7 37. b4 Rc8 38. Kb3 a5 39. Rd4 Rc7 40. Kc2 Rc8
41. Kb3 Rc7 42. Rd1 Rc8 43. Rg1 Rg8 44. Rb1 Rc8 45. bxa5 bxa5 46. Kc2 Rc5 47.
Rb7+ Kd6 48. Kb3 f5 49. gxf5 exf5 50. Bxf5 Nxf3 51. Rxf7 Ng5 52. Rd7+ Kc6 53.
Bg4 Ne4 54. Rd3 Nf6 55. Be2 Re5 56. Bd1 Kc5 57. Rd8 Nxh5 58. Rh8 Nf4 59. Rxh6
Re6 60. Rh4 Rb6+ 61. Kc2 Rf6 62. Bf3 Nd5 63. Bh1 Rf5 64. Rh8 Nb6 65. Kb3 Rg5
66. Rh6 Nd5 67. Ra6 Rg1 68. Rxa5+ Kb6 69. Rb5+ 1-0